000 00750nam a2200229 i 4500
001 117105
003 ES-MaACL
005 20250712031722.0
007 t|
008 070228s1963 sp r ||||1| spa d
100 1 _aPasternak, Boris Leonidovich.
_989464
245 1 0 _aVida y poesía /
_cBoris L. Pasternak ; traducción de Fernando Gutiérrez.
250 _a[1ª ed.].
260 _aBarcelona :
_bNoguer,
_c1963.
300 _a287 p. láms. 1-54 ;
_c20 cm.
490 1 _aColección galería literaria
600 0 4 _aPasternak, Boris Leonidovich-
_xBiografías.
_989465
700 1 _aGutiérrez, Fernando,
_d1911-1984
_9156260
830 0 _aColección galería literaria
_9233339
852 _aES-MaACL
_jC-26045
999 _c117105
_d117105